000 00504nam a2200181Ia 4500
008 191130s2005##################000#0#eng##
020 _a9780521686365
040 _aACL
_cACL
082 _a428.64 MAC
100 _aMacAndrew, Richard
245 _aBlood diamonds: level 1 beginner
_cRichard Macandrew
250 _a1st ed
260 _aCambridge
_bCambridge University Press
_c2005
300 _a32 p.:coll.ill.
990 _aafd97f44ac10000c72e865a265a1f2e0
991 _a345575
999 _c117635
_d117635